| 000 | 00958nam a2200277 i 4500 | ||
|---|---|---|---|
| 003 | DO-SdBNP | ||
| 005 | 20240130083042.0 | ||
| 007 | ta | ||
| 008 | 220331b2001 a|||| |||| 00| 0 eng d | ||
| 020 | _a9993420069 | ||
| 040 |
_aDO-SdBNP _bspa _cBNPHU _erda |
||
| 082 | 4 |
_a364.1323 _bA989p _222 |
|
| 100 | 1 |
_aAyuso, Juan José, _914332 _eautor |
|
| 245 | 1 | 0 |
_aPagar o matar / _cJuan José Ayuso. |
| 246 | 1 | 3 |
_aPolítica de la corrupción: _bcorrupción de la política |
| 264 |
_aSanto Domingo : _bManatí, _c2001 |
||
| 300 |
_a139 p.áginas : _bilustraciones ; _c25 cm. |
||
| 336 |
_2rdacontent _atexto _btxt |
||
| 337 |
_2rdamedia _asin mediación _bn |
||
| 338 |
_2rdacarrier _avolumen _bnc |
||
| 500 | _aIncluye índice de nombres y notas al pie de las páginas | ||
| 590 | _aInventariado, 2022/BT | ||
| 650 | 4 |
_aCorrupcion administrativa _zRepública Dominicana _912359 |
|
| 650 | 4 |
_aCorrupción política _zRepública Dominicana _911838 |
|
| 942 |
_2ddc _cLBS1 |
||
| 999 |
_c51444 _d51444 |
||